00324nam a2200109Ia 4500008004100000082000800041100001600049245003300065942000600098952009500104999001500199240331s9999 xx 000 0 und d bABR aAbrams, M.H 2aA glossary of literary terms cL 001040708LaWERCLbWERCLcSSCd2024-03-31l0o 800 ABRp4419r2024-03-31w2024-03-31yL c3067d3067